Nationalité des pilotes de F1 - Saison 2026 - Statistiques

Statistiques générales
  • Ce quiz a été pris 40 fois
  • Le résultat moyen est 20 sur 22
Statistiques - réponses
Par images Réponse % Correct
France
100%
France
100%
France
100%
Espagne
97%
Espagne
97%
Finlande
97%
Royaume-Uni
97%
Royaume-Uni
97%
Royaume-Uni
97%
Royaume-Uni
97%
Royaume-Uni
97%
Allemagne
94%
Australie
91%
Australie
91%
Canada
91%
Italie
91%
Mexique
91%
Pays-Bas
91%
Monaco
88%
Brésil
79%
Thaïlande
76%
Argentine
74%
Aucun quiz correspondant
Distribution des résultats
% des personnes avec chaque résultat
Percentile par nombre de réponses
Votre historique - résultats
Vous n’avez pas pris ce quiz